| 000 | 00868nam a22002297a 4500 | ||
|---|---|---|---|
| 005 | 20100907111819.0 | ||
| 007 | sd ammalaaahaa | ||
| 008 | 100907t xxu||||| |||| 00| 0 hin d | ||
| 028 |
_aH. 2079 _bHindustan Record |
||
| 035 | _aGR-01145 | ||
| 040 | _aSED/VEN | ||
| 100 |
_aDipali Nag _918699 |
||
| 245 |
_aMere Milan Ke Liye Part 1 : _cby Dipali Nag; Lyric by Radhey Sham Purohit; Tune by Rabindra Nath Tagore _h[Sound Recording] : |
||
| 260 |
_aDum Dum, India _bHindustan Record |
||
| 300 |
_a1 sound disc [Gramophone Record] : _banalog, 33.1/3 rpm _c10 in. _fGramophone Record |
||
| 500 | _aBrief record | ||
| 505 | _aGaon Se Dur Mateyala Path Re part 2 (Dipali Nag) | ||
| 700 |
_aRadhey Sham Purohit _918724 |
||
| 700 |
_aRabindra Nath Tagore _918725 |
||
| 942 |
_2ddc _cGR |
||
| 999 |
_c44185 _d44185 |
||